| 000 | 00716nam a2200217 a 4500 | ||
|---|---|---|---|
| 001 | 000026212 | ||
| 005 | 20200930024410.0 | ||
| 008 | 110304s1971 ag r 000 0 spa d | ||
| 041 | 1 | 7 |
_aspa _hger _2Código de idiomas MARC |
| 082 |
_ann* _bnn* |
||
| 100 | 1 |
_aHawthorne, Nathaniel. _953221 |
|
| 240 | 1 | 0 |
_aTwice-told tales. _lEspañol |
| 245 | 1 | 0 |
_aHistorias dos veces contadas / _cNathaniel Hawthorne ; introducción de Raúl H. Castagnino. |
| 260 |
_aBuenos Aires : _bCompañía General Fabril, _c1971. |
||
| 300 |
_a504 p. ; _c20 cm. |
||
| 490 | 1 | _aAnaquel | |
| 534 |
_aTítulo original : _tTwice-told tales |
||
| 700 | 1 |
_aCstagnino, Raúl H., _eintrod. _953222 |
|
| 830 | 0 |
_aAnaquel _953223 |
|
| 999 |
_c25704 _d25704 |
||
| 040 | _aDO-SdBNP | ||